000 00904nam a2200265 a 4500
001 000011278
005 20250409122709.0
008 091015t2001 dr r 001 d spa d
020 _z993483141
040 _aDO-SdBNP
_bspa
_cBNPHU
082 _aRD862.44
_bB142t
100 1 _aBáez, Rannel,
_d1963-
_921853
245 1 0 _aTeatra... :
_bla mujer de teatro /
_cRannel Báez.
260 _aSan Pedro de Macorís, República Dominicana :
_bUCE,
_c2001.
300 _a112 p. ;
_c23 cm.
490 1 _aXX Aniversario UCE.
500 _aIncluye datos biográficos del autor en la contracubierta.
586 _aPremio Nacional de Teatro de la UCE.
590 _aInventariado, 2019 / DG
650 0 _aTeatro dominicano
_9637
650 0 _aLiteratura dominicana.
_967
710 1 _aUniversidad Central del Este
_937229
830 0 _aXX Aniversario UCE.
_926855
910 _aValidado. Control de calidad. EMS
999 _c10995
_d10995